[Event "Kuala Lumpur Merdeka rapid op"]
[Site "Kuala Lumpur"]
[Date "2019.09.01"]
[Round "1"]
[White "Chan, Kim Yew"]
[Black "Mohd Rizal, Muhd Haiqal"]
[Result "1-0"]
[WhiteElo "2247"]
[BlackElo "1245"]
[PlyCount "81"]
[EventDate "2019.09.01"]
[EventType "swiss (rapid)"]
[EventRounds "7"]
[EventCountry "MAS"]
[SourceTitle "EXT 2020"]
[Source "ChessBase"]
[SourceDate "2019.10.17"]
[SourceVersion "1"]
[SourceVersionDate "2019.10.17"]
[SourceQuality "1"]

1. Nf3 Nf6 2. b3 g6 3. Bb2 Bg7 4. g3 b6 5. Bg2 Bb7 6. c4 0-0 7. 0-0 d6 8. d4 Nbd7 9. Nc3 Re8 10. d5 e6 11. Nd4 exd5 12. Nxd5 Nxd5 13. cxd5 Ne5 14. Qc2 Rc8 15. e4 a5 16. Rfd1 Qd7 17. Rac1 Qd8 18. h3 Nd7 19. Nb5 Bxb2 20. Qxb2 Nc5 21. Qd4 Qd7 22. Nc3 Re7 23. Rb1 Rce8 24. a3 f5 25. exf5 Qxf5 26. b4 axb4 27. axb4 Na6 28. g4 Qe5 29. Qxe5 Rxe5 30. Nb5 R5e7 31. Rdc1 Rf8 32. Rc2 Rf4 33. Rbc1 Rff7 34. Rc4 Rd7 35. Nd4 Rf4 36. Ne6 Rxc4 37. Rxc4 b5 38. Rf4 h6 39. Rf8+ Kh7 40. Re8 Nxb4 41. Nf8+ 1-0